00883 a2200193 45000010006000000050017000060080041000230030015000640400040000790800070001192450034001892500011002232640075002343000019003095050296003281000019006247000020006437000026006633989320260407155655.0260407a1973 arg spa dAR-UNSa-BCEJYS aAR-UNSa-BCEJYSbspacAR-UNSa-BCEJYS a911.3xGeografía humana. Geografía de los factores culturales10aGeografía de la población a4a. ed 1aBuenos Aires :bEUDEBA (Editorial Universitaria de Buenos Aires)c1973 a124 p.c19 cm. aParte I: Distribución de la población : 1. Diversidad y desigual ocupación de la ecumene - 2. Población y desarrollo desigual - 3. Las formas de implementación de la población - Parte II: Perspectivas : 1. El crecimiento natural - 2. Las migraciones de población - Conclusión1 aGeorge, Pierre1 aLaguado, Arturo1 aDi Benedetto, Antonio